|
|
|
|
| LEADER |
00000nam0a2200000 4500 |
| 001 |
244462 |
| 005 |
20231101232042.0 |
| 010 |
|
|
|b 3000 экз.
|
| 035 |
|
|
|a (RuTPU)RU\TPU\book\265846
|
| 090 |
|
|
|a 244462
|
| 100 |
|
|
|a 20131023d1935 m y0rusy50 ca
|
| 101 |
0 |
|
|a rus
|
| 102 |
|
|
|a RU
|
| 105 |
|
|
|a af j 001zy
|
| 200 |
1 |
|
|a Общая геология каустобиолитов
|f Ю. А. Жемчужников
|
| 210 |
|
|
|a Ленинград
|c Главная редакция геологоразведочной и геодезической литературы
|d 1935
|a Москва
|
| 215 |
|
|
|a 547 с.
|c ил., цв. ил.
|
| 300 |
|
|
|a Утверждено ГУУЗом НКТП СССР в качестве учебного пособия для геолого-разведочных втузов.
|
| 316 |
|
|
|5 63413507: 179390
|a С автографом автора
|
| 317 |
|
|
|5 63413507: 179473
|a Поступила в НТБ в 1940 г. в составе книжного собрания академика М. А. Усова.
|
| 317 |
|
|
|5 63413507: 179390
|a Поступила в НТБ в 1940 г. в составе книжного собрания академика М. А. Усова.
|
| 320 |
|
|
|a Главнейшая литература: с. 520-531
|
| 320 |
|
|
|a Предм. указ.: с. 532-540
|
| 320 |
|
|
|a Указатель авторов: с. 541-543.
|
| 610 |
1 |
|
|a библиотека М. А. Усова
|
| 610 |
1 |
|
|a каустобиолиты
|
| 610 |
1 |
|
|a петрография
|
| 610 |
1 |
|
|a торфообразование
|
| 610 |
1 |
|
|a ископаемый уголь
|
| 610 |
1 |
|
|a химический состав
|
| 610 |
1 |
|
|a происхождение
|
| 610 |
1 |
|
|a физические свойства
|
| 610 |
1 |
|
|a генетическая классификация
|
| 610 |
1 |
|
|a углефикация
|
| 610 |
1 |
|
|a промышленная классификация
|
| 610 |
1 |
|
|a метаморфизм
|
| 610 |
1 |
|
|a выветривание
|
| 610 |
1 |
|
|a угленосные толщи
|
| 610 |
1 |
|
|a угленосные отложения
|
| 610 |
1 |
|
|a нефть
|
| 610 |
1 |
|
|a газ
|
| 610 |
1 |
|
|a битум
|
| 610 |
1 |
|
|a нефтяные месторождения
|
| 610 |
1 |
|
|a методы изучения
|
| 675 |
|
|
|a 553.9(075)
|v 3
|
| 700 |
|
1 |
|a Жемчужников
|b Ю. А.
|c русский геолог
|c углепетрограф
|f 1885-1957
|g Юрий Аполлонович
|2 stltpush
|3 (RuTPU)RU\TPU\pers\23860
|9 10504
|
| 801 |
|
1 |
|a RU
|b 63413507
|c 20131023
|
| 801 |
|
2 |
|a RU
|b 63413507
|c 20150410
|g RCR
|
| 942 |
|
|
|c BK
|